Statistics for Jackie Chan, Jet Li, Bruce Lee films

Click here to take the quiz!

General Stats

  • This quiz has been taken 52 times
  • The average score is 10 of 15

Answer Stats

HintAnswer% Correct
---- of fury (Lee)fist
88%
---- hour (Chan)rush
88%
drunken ------ (Chan)master
85%
---- of death (Lee)game
80%
------ story (Chan)police
78%
--- am I (Chan)who
78%
------ in the bronx (Chan)rumble
71%
--- of the dragon (Lee)way
71%
-------- kingdom (Li/Chan)forbidden
63%
------ 2 the grave (Li)cradle
56%
snake in the ------ shadow (Chan)eagles
56%
the --- (Li)one
49%
------ lord (Chan)dragon
46%
---- of the dragon (Li)kiss
39%
-------- (Li)fearless
27%

Score Distribution

Percentile by Number Answered

Percent of People with Each Score

Your Score History

You have not taken this quiz